Экономика железных дорог: пособие для инженеров и студентов

Bibliografiske detaljer
Hovedforfatter: Уэбб
Institution som forfatter: РСФСР Главный комитет профессионально-технического образования (Главпрофобр) Управление по Подготовке Агентов Железнодорожного и Водного Транспорта (Учтран)
Andre forfattere: Бернацкий Л. Н. (переводчик)
Sprog:russisk
Udgivet: Москва, Государственное изд-во, 1921
Udgivelse:1-е изд.
Serier:Американская Техническая Библиотека по строительному и железнодорожному делу
Fag:
Format: Bog
KOHA link:https://koha.lib.tpu.ru/cgi-bin/koha/opac-detail.pl?biblionumber=311914

MARC

LEADER 00000nam0a2200000 4500
001 311914
005 20231102002431.0
010 |b 7000 
035 |a (RuTPU)RU\TPU\book\337280 
090 |a 311914 
100 |a 20151214d1921 m y0rusy50 ca 
101 1 |a rus  |c eng 
102 |a RU 
105 |a a j 001zy 
200 1 |a Экономика железных дорог  |e пособие для инженеров и студентов  |f Уэбб  |g РСФСР, Главный комитет профессионально-технического образования (Главпрофобр), Управление по Подготовке Агентов Железнодорожного и Водного Транспорта (Учтран) ; пер. инженера Л. Н. Бернацкого 
205 |a 1-е изд. 
210 |a Москва  |c Государственное изд-во  |c Типо-Литография Народного Комиссариата Путей Сообщения  |d 1921 
215 |a 236 с.  |c табл., граф. 
225 1 |a Американская Техническая Библиотека по строительному и железнодорожному делу 
316 |5 63413507: М-132648  |a На обложке и титульном листе владельческая подпись: "Бутаков" 
317 |5 63413507: М-132648  |a Поступила в НТБ в 1970 году в составе книжного собрания профессора ТПИ И. Н. Бутакова 
320 |a Алф. указ.: с. XVII-XXV 
516 1 |a Экономика железных дорог. Перевод инж. Л. Н. Бернацкого 
606 1 |a Железные дороги  |x История  |2 stltpush  |3 (RuTPU)RU\TPU\subj\10441  |9 37513 
610 1 |a экономика 
610 1 |a экономика зарубежных стран 
610 1 |a железнодорожные общества 
610 1 |a учреждение 
610 1 |a финансирование 
610 1 |a железнодорожное имущество 
610 1 |a тарифное законодательсьво 
610 1 |a железнодорожные пути 
610 1 |a железнодорожный транспорт 
610 1 |a железнодорожный подвижной состав 
610 1 |a перевозки 
610 1 |a поезда 
610 1 |a паровозы 
610 1 |a вагоны 
610 1 |a рельсы 
610 1 |a шпалы 
610 1 |a железнодорожные поезда 
610 1 |a железнодорожные перевозки 
610 1 |a владельческая надпись 
610 1 |a пособия 
610 1 |a библиотека И. Н. Бутакова 
675 |a 625.1  |v 4 
700 0 |a Уэбб 
702 1 |a Бернацкий  |b Л. Н.  |4 730 
712 0 1 |a РСФСР  |b Главный комитет профессионально-технического образования (Главпрофобр)  |b Управление по Подготовке Агентов Железнодорожного и Водного Транспорта (Учтран)  |c (Москва)  |c (1920-1921)  |2 stltpush  |3 (RuTPU)RU\TPU\col\18529 
801 1 |a RU  |b 63413507  |c 20151214 
801 2 |a RU  |b 63413507  |c 20190801  |g RCR 
942 |c BK